| Поле | Название | Значение |
| |
Тип записи |
a |
| |
Библиографический уровень |
m |
| 001 |
Контрольный номер |
RU/URAIT/582696 |
| 005 |
Дата корректировки |
20260429163602.5 |
| 008 |
Кодируемые данные |
260429s2026 RU y f j 000 0 rus u |
| 020 |
Индекс ISBN |
__ |
| a |
ISBN |
978-5-534-20145-1 |
| c |
Цена, тираж |
1459.00 |
| 040 |
Источник каталогиз. |
__ |
| a |
Служба первич. каталог. |
ИКО Юрайт |
| c |
Служба, преобразующая запись |
ИКО Юрайт |
| e |
Правила каталог. |
RCR |
| 041 |
Код языка издания |
__ |
| a |
Код языка текста |
rus |
| 044 |
Код страны публикации |
__ |
| a |
Код страны публикации |
RU |
| 080 |
Индекс УДК |
__ |
| a |
Индекс УДК |
519.87 |
| 084 |
Индекс другой классификации/Индекс ББК |
__ |
| 2 |
Источник индекса |
rubbk |
| a |
Индекс другой классификации/Индекс ББК |
22.18я73 |
| 100 |
Автор |
__ |
| a |
Автор |
Советов Б. Я. |
| q |
Полное имя |
Советов Борис Яковлевич |
| 245 |
Заглавие |
__ |
| a |
Заглавие |
Моделирование систем |
| b |
Продолж. заглавия |
учебник для вузов |
| c |
Ответственность |
Б. Я. Советов, С. А. Яковлев. |
| 250 |
Сведения об издании |
__ |
| a |
Основные сведения об издании |
7-е изд. |
| 256 |
Характеристики компьютерного файла |
__ |
| a |
Характеристики компьютерного файла |
Электрон. дан. |
| 260 |
Выходные данные |
__ |
| a |
Место издания |
Москва |
| b |
Издательство |
Юрайт |
| c |
Дата издания |
2026 |
| 300 |
Физическое описание |
__ |
| a |
Объем |
343 с |
| 440 |
Серия |
__ |
| a |
Серия |
Высшее образование |
| 500 |
Примечания |
__ |
| a |
Примечание |
URL: https://urait.ru/bcode/582696 (дата обращения: 29.04.2026). |
| 520 |
Аннотация |
__ |
| a |
Аннотация |
В издании представлена новая скорректированная методика имитационного моделирования сложных систем, рассмотрена интеллектуальная система моделирования, расширен математический аппарат. При подготовке учебника использована новая отечественная и зарубежная литература по моделированию систем различных классов, опыт разработки реальных систем. |
| 538 |
Прим. о системных особенностях |
__ |
| a |
Прим. о системных особенностях |
Режим доступа: Электронно-библиотечная система Юрайт, для авториз. пользователей |
| 653 |
Ключевые слова |
__ |
| a |
Ключевые слова |
Автоматика и управление |
| 653 |
Ключевые слова |
__ |
| a |
Ключевые слова |
Технические науки |
| 653 |
Ключевые слова |
__ |
| a |
Ключевые слова |
Моделирование |
| 653 |
Ключевые слова |
__ |
| a |
Ключевые слова |
Моделирование систем |
| 653 |
Ключевые слова |
__ |
| a |
Ключевые слова |
Математическое моделирование в машиностроении |
| 653 |
Ключевые слова |
__ |
| a |
Ключевые слова |
Прикладное программное обеспечение для автоматизации экспериментальных исследований |
| 653 |
Ключевые слова |
__ |
| a |
Ключевые слова |
Основы моделирования систем |
| 653 |
Ключевые слова |
__ |
| a |
Ключевые слова |
Основы математического моделирования в машиностроении |
| 653 |
Ключевые слова |
__ |
| a |
Ключевые слова |
Основы моделирования |
| 653 |
Ключевые слова |
__ |
| a |
Ключевые слова |
Программные комплексы моделирования систем управления |
| 653 |
Ключевые слова |
__ |
| a |
Ключевые слова |
Пакеты прикладных программ управления аддитивным оборудованием |
| 653 |
Ключевые слова |
__ |
| a |
Ключевые слова |
Пакеты прикладных программ автоматизации научных исследований и моделирования |
| 653 |
Ключевые слова |
__ |
| a |
Ключевые слова |
Пакеты прикладных программ автоматизации научных исследований и моделирования: проектное обучение |
| 653 |
Ключевые слова |
__ |
| a |
Ключевые слова |
Моделирование приборов и систем |
| 653 |
Ключевые слова |
__ |
| a |
Ключевые слова |
Применение прикладных программ конструирования транспортных и технологических машин |
| 653 |
Ключевые слова |
__ |
| a |
Ключевые слова |
Применение прикладных программ расчетов транспортно-технологических машин |
| 653 |
Ключевые слова |
__ |
| a |
Ключевые слова |
Применение прикладных программ расчетов транспортных и технологических машин |
| 653 |
Ключевые слова |
__ |
| a |
Ключевые слова |
Комплексное моделирование систем |
| 653 |
Ключевые слова |
__ |
| a |
Ключевые слова |
Интеллектуальные подсистемы САПР и информационные модели знаний |
| 653 |
Ключевые слова |
__ |
| a |
Ключевые слова |
Моделирование лесных машин в прикладных пакетах программ |
| 653 |
Ключевые слова |
__ |
| a |
Ключевые слова |
Программные среды моделирования систем управления |
| 653 |
Ключевые слова |
__ |
| a |
Ключевые слова |
Теория и моделирование систем управления |
| 700 |
Другие авторы |
__ |
| a |
Другие авторы |
Яковлев С. А. |
| q |
Полное имя |
Яковлев Сергей Алексеевич |
| 856 |
Электронный адрес документа |
40 |
| n |
Местонахождение сервера |
Юрайт |
| g |
|
Электронная книга |
| q |
Тип электронного формата |
html |
| h |
Имя пользователя |
ЮРАЙТ |
| v |
Часы доступа к ресурсу |
20271231 |
| 2 |
Способ доступа |
Показать документ |
| x |
Служебное примечание |
https://urait.ru/book/cover/12D4C244-788F-45D6-BAA5-0E224AB64444 |
| u |
URL |
https://urait.ru/bcode/582696 |
| 856 |
Электронный адрес документа |
48 |
| q |
Тип электронного формата |
cover |
| u |
URL |
https://urait.ru/book/cover/12D4C244-788F-45D6-BAA5-0E224AB64444 |
| 911 |
|
__ |
| u |
|
0030=https://urait.ru/bcode/582696 |
| 911 |
|
__ |
| u |
|
073a=9785534201451 |
| u |
|
073d=1459.00 |
| 911 |
|
__ |
| u |
|
106a=s |
| 911 |
|
__ |
| u |
|
900l= |
| 952 |
Тип литературы |
__ |
| i |
Дисциплина |
Моделирование |
| 952 |
Тип литературы |
__ |
| i |
Дисциплина |
Моделирование систем |
| 952 |
Тип литературы |
__ |
| i |
Дисциплина |
Математическое моделирование в машиностроении |
| 952 |
Тип литературы |
__ |
| i |
Дисциплина |
Прикладное программное обеспечение для автоматизации экспериментальных исследований |
| 952 |
Тип литературы |
__ |
| i |
Дисциплина |
Основы моделирования систем |
| 952 |
Тип литературы |
__ |
| i |
Дисциплина |
Основы математического моделирования в машиностроении |
| 952 |
Тип литературы |
__ |
| i |
Дисциплина |
Основы моделирования |
| 952 |
Тип литературы |
__ |
| i |
Дисциплина |
Программные комплексы моделирования систем управления |
| 952 |
Тип литературы |
__ |
| i |
Дисциплина |
Пакеты прикладных программ управления аддитивным оборудованием |
| 952 |
Тип литературы |
__ |
| i |
Дисциплина |
Пакеты прикладных программ автоматизации научных исследований и моделирования |
| 952 |
Тип литературы |
__ |
| i |
Дисциплина |
Пакеты прикладных программ автоматизации научных исследований и моделирования: проектное обучение |
| 952 |
Тип литературы |
__ |
| i |
Дисциплина |
Моделирование приборов и систем |
| 952 |
Тип литературы |
__ |
| i |
Дисциплина |
Применение прикладных программ конструирования транспортных и технологических машин |
| 952 |
Тип литературы |
__ |
| i |
Дисциплина |
Применение прикладных программ расчетов транспортно-технологических машин |
| 952 |
Тип литературы |
__ |
| i |
Дисциплина |
Применение прикладных программ расчетов транспортных и технологических машин |
| 952 |
Тип литературы |
__ |
| i |
Дисциплина |
Комплексное моделирование систем |
| 952 |
Тип литературы |
__ |
| i |
Дисциплина |
Интеллектуальные подсистемы САПР и информационные модели знаний |
| 952 |
Тип литературы |
__ |
| i |
Дисциплина |
Моделирование лесных машин в прикладных пакетах программ |
| 952 |
Тип литературы |
__ |
| i |
Дисциплина |
Программные среды моделирования систем управления |
| 952 |
Тип литературы |
__ |
| i |
Дисциплина |
Теория и моделирование систем управления |